Presencia de las mujeres organizadas y cooperativas en el campo productivo en la vida /
La presente ponencia pretende contribuir a perfilar la situación de las mujeres que viven en el área rural y participan en organizaciones mixtas, los progresos que se han logrado y los desafíos pendientes
Shranjeno v:
| Glavni avtor: | |
|---|---|
| Format: | Texto |
| Teme: | |
| Oznake: |
Označite
Brez oznak, prvi označite!
|
MARC
| LEADER | 00000 a a2200000 04500 | ||
|---|---|---|---|
| 001 | 9404 | ||
| 003 | |||
| 040 | |||
| 100 | |a Tunón Berrocal, Irma | ||
| 245 | |a Presencia de las mujeres organizadas y cooperativas en el campo productivo en la vida / |c Irma Tunón Berrocal | ||
| 520 | |a La presente ponencia pretende contribuir a perfilar la situación de las mujeres que viven en el área rural y participan en organizaciones mixtas, los progresos que se han logrado y los desafíos pendientes | ||
| 650 | |a MUJERES RURALES | ||
| 650 | |a DESARROLLO AGROPECUARIO | ||
| 650 | |a ORGANIZACIONES CAMPESINAS | ||
| 650 | |a PARTICIPACION DE LA MUJER | ||
| 650 | |a INVESTIGACION SOCIAL | ||
| 650 | |a ANALISIS DE GENERO | ||
| 650 | |a ROLES DE LOS GENEROS | ||
| 650 | |a ESTEREOTIPOS | ||
| 650 | |a DESIGUALDAD SOCIAL | ||
| 650 | |a COOPERATIVAS AGRICOLAS | ||
| 650 | |a IGUALDAD DE GENERO | ||
| 650 | |a ORGANIZACIONES NO | ||
| 773 | |g número 453; páginas 33-43 | ||
| 999 | |c 38002 |d 38002 | ||
